000 00715nam a2200217 i 4500
001 155982
003 ES-MaACL
005 20230906210258.0
008 190201s1956 ag |||| | spa d
100 0 _aDurant, Will.
_946272
245 1 3 _aLa civilización del extremo oriente /
_cWill Durant ; traducción de C. A. Jordana.
250 _a[2ª ed.].
260 _aBuenos Aires :
_bEditorial Sudamericana,
_c1956.
300 _a443 p., I-XL lám. ;
_c24 cm.
490 1 _aHistoria de la civilización
651 4 _aAsia oriental-
_xCivilización.
_9166094
700 0 _aJordana, César-August.
_966928
830 0 _aHistoria de la civilización
_9187819
852 _aES-MaACL
_jP-418-3
999 _c155982
_d155982